00680nam a22002057a 4500003001400000005001700014008004100031020001800072040002800090041000800118082002200126100002000148245007200168260004000240300002400280650002800304942001200332952011500344999001500459KOHA_MİRAKIL20240930101017.0240929b2014 tu ||||| |||| 00| 0 tur d a9789757076490 aTR-AnABBbturcTR-AnABB atur a833.914bHEI 2014 aHeine, Ernst W. 0aGüvercinin gerdanlığı Alamut'a dönüş /cErnst W. Heine. aAnkara :bYurt Kitap Yayın,c2014. a389 sayfa ;c20 cm. aAlman edebiyatı, roman 2ddccBK 00102ddc70aODTbODTd2024-09-29eSATINl0o833.914 HEI 2014pABB109173r2024-09-30 10:10:17w2024-09-30yBK c2198d2198